000 00653nam a22001937a 4500
999 _c170404
_d170404
005 20191213170551.0
010 _aA-26125
020 _c32.00
_a-
035 _aA-26125
037 _bBPPD
082 _a070.95435
100 _aطيب ا نصا ر ی
245 _aحيد ر ا با د ميں ا ر د و صحا فت 1857ء سے 1959 ء تک
_cطيب ا نصا ر ی
246 _aHyderabad mein Urdu Sahafat 1857-1959 (Urdu)
_bby Tayyeb Ansari
260 _aHyderabad
_c1980 ء
_bIdara-e-Adabiat Urdu
270 _aPunja Gatta
_bHyderabad
_k-
_e500004
300 _a235 ص
_c22 cm(hb)
942 _2ddc
_cUR
_h070.95435
_mا ن ص